000 01105nam a2200301 i 4500
001 45769
003 ES-MaCES
005 20170707132252.0
008 150209s2013 sp o000 | spa d
024 7 _a630-13-106-7
_2nipo
024 7 _a002-13-038-9
_2nipo
040 _aES-MaCES
_bspa
_cES-MaCES
110 2 _aComisión para la Reforma de las Administraciones Públicas (España)
_935615
245 0 0 _aReforma de las Administraciones Públicas
_c[informe de] CORA, Comisión para la Reforma de las Administraciones Públicas
260 _a[Madrid]
_bMinisterio de Hacienda y Administraciones Públicas
_c[2013]
300 _a252 p.
_c30 cm
500 _aEjemp. fotocopiado
541 _cGratuito
650 4 _aadministración pública
_927214
650 4 _areforma administrativa
_927223
650 4 _aEspaña
_926964
650 4 _aplan de acción
_930406
650 4 _ainforme
_928986
653 1 0 _aAdministración-Instituciones públicas
710 1 _93246
_aEspaña
_bMinisterio de Hacienda y Administraciones Públicas
_eed.
902 _aDOC Literatura gris
942 _2CES
_cBK
_h6.3.
999 _c45769
_d45769